| 000 | 00488nam a22001457a 4500 | ||
|---|---|---|---|
| 003 | MACL | ||
| 005 | 20190425163212.0 | ||
| 008 | 190425b xxu||||| |||| 00| 0 eng d | ||
| 040 | _cMACL | ||
| 100 |
_aजोशी,ज्योतिष _974491 |
||
| 245 | _aभारतीय कला चिन्तन एक कला विचार | ||
| 260 |
_aदिल्ली _bजतिन बुक सेन्टर _c2015 |
||
| 650 |
_aकला _974494 |
||
| 942 |
_2ddc _cHIN |
||
| 999 |
_c59504 _d59504 |
||